000 00492nam a2200181Ia 4500
005 20250326123821.0
008 250326s9999 xx 000 0 und d
037 _aTextbook
040 _aFMSL
_beng
_cFMSL
041 _aeng
_2eng
084 _aS:7ogY:1 K7
_qFMSL
100 _aHonigmann J J
_9736176
245 0 _aPersonality in culture
_cHonigmann J J
260 _aNY
_bNY, Harper & Row
_c1967
300 _a495p
942 _cTB
_hS:7ogY:1 K7
999 _c1271071
_d1271071